000 00979nam a22002537a 4500
999 _c64957
_d64957
005 20240530110759.0
008 190121s2017 ua a g b 000 0 ara d
017 _a2017/11949
_bمصر. دار الكتب
020 _a9789779113395
040 _aEG-CaGPL
_cEG-CaGPL
082 0 4 _221
_a371.422 /
_bد م
100 0 _aدعاء عبدالعزيز انور
245 1 2 _aالمتسربون من التعليم :
_bدراسة ميدانية /
_cاعداد دعاء عبدالعزيز انور
250 _aط.1
260 _aالقاهرة :
_bالهيئة المصرية العامة للكتاب،
_c2017.
300 _a257 ص. :
_bجداول ؛
_c24 سم.
504 _aيشتمل على ارجاعات ببليوجرافية
650 0 7 _2qrmak
_aالطلبة
_xتسرب
650 0 7 _2qrmak
_aالتخطيط التربوى
650 0 7 _2qrmak
_aعلم النفس التربوى
651 _2qrmak
942 _2ddc
_cBK